| 000 | 00595nam a2200217Ia 4500 | ||
|---|---|---|---|
| 005 | 20241129111313.0 | ||
| 008 | 241129s9999||||xx |||||||||||||| ||und|| | ||
| 020 | _a978-1-032-64605-3 | ||
| 037 | _aTB | ||
| 040 |
_aCRL _beng _cCRL |
||
| 041 |
_aeng _2eng |
||
| 084 |
_aY73(P6):(U42).2 R3 _qCRL |
||
| 100 |
_aVerma Koyal Au. _9724016 |
||
| 245 | 0 |
_aAfrican clusters in India _cVerma Koyal Au. |
|
| 260 |
_aLondon, UK _bRoutledge _c2023 |
||
| 300 | _axii,161p. | ||
| 365 |
_aINR _b1295 |
||
| 650 | _aSociology | ||
| 942 |
_cTB _hY73(P6):(U42).2 R3 |
||
| 999 |
_c1229830 _d1229830 |
||